A magyarországi pálinkapiac helyzete

Bibliográfiai részletek
Szerző: Metlágel Richárd
További közreműködők: Kopcsay Dr. László
Dokumentumtípus: Diplomadolgozat
Kulcsszavak:Pálinka
Gazdasági helyzet
Marketing-mix
Fogyasztási szokások
Online Access:http://dolgozattar.uni-bge.hu/4695

MARC

LEADER 00000nta a2200000 i 4500
001 dolg4695
005 20160907093119.0
008 151214suuuu hu om 000 hun d
040 |a BGE Dolgozattár Repozitórium  |b hun 
041 |a hu 
100 1 |a Metlágel Richárd 
245 1 2 |a A magyarországi pálinkapiac helyzete  |c Metlágel Richárd  |h [elektronikus dokumentum] 
246 1 1 |a A magyarországi pálinkapiac helyzete 
695 |a Pálinka 
695 |a Gazdasági helyzet 
695 |a Marketing-mix 
695 |a Fogyasztási szokások 
700 1 |a Kopcsay Dr. László  |e ths 
856 4 0 |u http://dolgozattar.uni-bge.hu/4695/1/A%20magyarorsz%C3%A1gi%20p%C3%A1linkapiac%20helyzete.pdf  |z Dokumentum-elérés